A London Landmark Tour - Statistics

General Stats
  • This quiz has been taken 27 times
  • The average score is 10 of 16
Answer Stats
Picture Answer % Correct
Palace of Westminster
96%
Buckingham Palace
91%
Tower Bridge
91%
London Eye
87%
Tower of London
87%
Westminster Abbey
87%
The Shard
78%
Wembley Stadium
70%
Saint Paul's Cathedral
65%
Trafalgar Square
65%
30 St Mary Axe
52%
Tate Modern
39%
Greenwich Park
35%
Natural History Museum
35%
Kensington Palace
30%
Saint James's Park
13%
No matching quizzes found
Score Distribution
Percent of People with Each Score
Percentile by Number Answered
Your Score History
You have not taken this quiz